Piping engineering.

Guardado en:
Formato: Libro
Idioma:English
Publicado: Louisville, Kentucky : Tube Turns Division, c1979.
Edición:4th ed.
Materias:
Etiquetas: Agregar Etiqueta
Sin Etiquetas, Sea el primero en etiquetar este registro!
LEADER 00537nam a22001695a 4500
001 EIQ.libpla002096
008 070417s1979####xxua#####b####000#0#eng#d
005 20070417182054.0
245 0 0 |a Piping engineering. 
250 |a 4th ed. 
260 |a Louisville, Kentucky :  |b Tube Turns Division,  |c c1979. 
300 |a 223 p. :  |b il., fotos ;  |c 26 cm. 
504 |a Incluye referencias bibliográficas. 
650 4 |a Procesos  |x Tuberías. 
650 4 |a Process  |x Pipes. 
040 |a AR-BbSID  |b spa  |c AR-BbSID 
859 |a AR-BbSID  |b BIB. PLAPIQUI  |h 660.281  |i P 661  |p 2091